00855nam a2200217 a 450000100100000000500170001000800410002704000130006808200200008110000280010124500550012926000510018430000200023559000260025565000280028165000310030991000380034095201180037895201240049699900170062000001643820240412074245.0100305q196? dr 001 0 spa d aDO-SdBNP aRD861.44bL961v1 aLuna, Jorge Luis93663910aVersos a Dios versos al diablo /cJorge Luis Luna. aSanto Domingo :bImpresos Fotografic,c[196?]. a98 p. ;c22 cm. aInventariado, 2018/LP 0aPoesía dominicana966 0aLiteratura dominicana.967 aValidado. Control de calidad EMS. 0010718PDaPDbPDcHDd2010-03-05iLF1l0oRD861.44 L961vp16438-10r2020-06-25w2020-06-25yLFPDZNo se presta 0010718PDaPDbPDcHDd2010-03-05iLF1l0oRD861.44 L961vp16438-20r2020-06-25te. 2w2020-06-25yLFPDZNo se presta c15973d15973